[Event "SVK-chT 0405"]
[Site "Slovakia"]
[Date "2005.03.13"]
[Round "9"]
[White "Komora, Andrej"]
[Black "Martiska, Peter"]
[Result "1-0"]
[WhiteElo "2319"]
[BlackElo "2262"]
[PlyCount "85"]
[EventDate "2004.11.13"]
[EventType "team-tourn"]
[EventRounds "11"]
[EventCountry "SVK"]
[SourceTitle "EXT 2019"]
[Source "ChessBase"]
[SourceDate "2018.10.10"]
[SourceVersion "1"]
[SourceVersionDate "2018.10.10"]
[SourceQuality "1"]
[WhiteTeam "Liptov"]
[BlackTeam "Nitra"]
[WhiteTeamCountry "SVK"]
[BlackTeamCountry "SVK"]

1. e4 c6 2. d4 d5 3. e5 Bf5 4. Nf3 e6 5. Be2 Ne7 6. 0-0 Bg4 7. c3 Nd7 8. Be3 Nf5 9. Nbd2 c5 10. Bf4 cxd4 11. cxd4 Be7 12. h3 Bxf3 13. Nxf3 h5 14. Qd2 Kf8 15. Rac1 g6 16. Bd3 Kg7 17. Bxf5 gxf5 18. Bg5 Bxg5 19. Nxg5 Nf8 20. Rc3 Rc8 21. Rfc1 Rxc3 22. Rxc3 Ng6 23. Qc1 Re8 24. Nf3 f4 25. b4 Re7 26. Rc5 Qd7 27. b5 Qd8 28. Qc3 a6 29. bxa6 bxa6 30. Rc6 Qa8 31. a4 Rb7 32. Rc8 Rb8 33. Rc7 Re8 34. Qc5 Qd8 35. a5 Re7 36. Rc8 Qd7 37. Rc6 Qa7 38. Qd6 Qb7 39. Rxa6 Qb2 40. Rb6 Qc2 41. a6 Qa2 42. Rb7 Kf8 43. a7 1-0

[Event "SVK-chT 0405"]
[Site "Slovakia"]
[Date "2005.01.09"]
[Round "6"]
[White "Komora, Andrej"]
[Black "Pejko, Otomar"]
[Result "1/2-1/2"]
[WhiteElo "2319"]
[BlackElo "2215"]
[PlyCount "40"]
[EventDate "2004.11.13"]
[EventType "team-tourn"]
[EventRounds "11"]
[EventCountry "SVK"]
[SourceTitle "EXT 2019"]
[Source "ChessBase"]
[SourceDate "2018.10.10"]
[SourceVersion "1"]
[SourceVersionDate "2018.10.10"]
[SourceQuality "1"]
[WhiteTeam "Liptov"]
[BlackTeam "Kosice Slavia"]
[WhiteTeamCountry "SVK"]
[BlackTeamCountry "SVK"]

1. e4 e5 2. Nc3 Nc6 3. Bc4 Nf6 4. Nf3 Bb4 5. d3 0-0 6. 0-0 d6 7. a3 Bxc3 8. bxc3 Be6 9. Bxe6 fxe6 10. Rb1 Rb8 11. Qe2 Nd7 12. d4 h6 13. Be3 Qf6 14. d5 exd5 15. exd5 Nd8 16. Qc4 Rc8 17. Qg4 Qf5 18. Qg3 Nf6 19. Nh4 Qg4 20. c4 b6 1/2-1/2

[Event "SVK-chT 0405"]
[Site "Slovakia"]
[Date "2004.12.11"]
[Round "3"]
[White "Komora, Andrej"]
[Black "Szegi, Tamas"]
[Result "1-0"]
[WhiteElo "2319"]
[BlackElo "2230"]
[PlyCount "77"]
[EventDate "2004.11.13"]
[EventType "team-tourn"]
[EventRounds "11"]
[EventCountry "SVK"]
[SourceTitle "EXT 2019"]
[Source "ChessBase"]
[SourceDate "2018.10.10"]
[SourceVersion "1"]
[SourceVersionDate "2018.10.10"]
[SourceQuality "1"]
[WhiteTeam "Liptov"]
[BlackTeam "Dunajska Streda"]
[WhiteTeamCountry "SVK"]
[BlackTeamCountry "SVK"]

1. f4 d5 2. Nf3 g6 3. g3 Bg7 4. Bg2 Nd7 5. d3 c6 6. c3 Nh6 7. e4 dxe4 8. dxe4 e5 9. Qe2 0-0 10. f5 gxf5 11. Bxh6 Bxh6 12. Nh4 Nc5 13. 0-0 f4 14. Na3 Kh8 15. Nc4 fxg3 16. hxg3 Qg5 17. Qf2 Nd3 18. Qf3 Nc5 19. b4 Bg4 20. Qf6+ Qxf6 21. Rxf6 Bg7 22. Rd6 Na4 23. Ne3 Be6 24. c4 a5 25. b5 cxb5 26. cxb5 Nc3 27. Rb6 Rab8 28. Nhf5 Rfd8 29. Nxg7 Kxg7 30. Nf5+ Kf8 31. a4 Bxf5 32. exf5 e4 33. g4 Kg7 34. g5 Rd4 35. Ra3 Nxa4 36. Rh6 Nc5 37. f6+ Kg8 38. Rah3 Rd3 39. R3h4 1-0